| 000 | 00482nam a2200181Ia 4500 | ||
|---|---|---|---|
| 999 |
_c3408 _d3408 |
||
| 020 | _a1-84064-820-1 | ||
| 082 | _aRR 330.03 ELG; | ||
| 245 | 0 | _aElgar dictionary of economic quotations | |
| 260 |
_aCheltenham _bEdward Elgar _c2003 |
||
| 300 | _axi, 315p. | ||
| 504 | _aIncludes index | ||
| 650 | _aEconomics - Terminology | ||
| 650 | _aEconomics - Terminology | ||
| 650 | _aTerms and phrases | ||
| 650 | _aQuotations, English | ||
| 700 | _aMcCann, Charles Robert | ||
| 942 | _cBK | ||